000 00435nam a2200193Ia 4500
005 20240823033526.0
008 240823s9999||||xx |||||||||||||| ||und||
020 _a978-81-8322-278-5
041 _aENGLISH
082 _A158.1 Q2
100 _aGill Edwards
245 0 _aLife is a Gift
250 _a1st
260 _c2012
_bManjul Public
500 _aYES
650 _aTamil Books
_bGeneral
942 _cBK
999 _c196030
_d196030